Knights and castles / (Record no. 424)

MARC details
000 -LEADER
fixed length control field 01528nam a22004217a 4500
001 - CONTROL NUMBER
control field 424
003 - CONTROL NUMBER IDENTIFIER
control field FISKH
005 - DATE AND TIME OF LATEST TRANSACTION
control field 20230412165012.0
008 - FIXED-LENGTH DATA ELEMENTS--GENERAL INFORMATION
fixed length control field 230412b cb ||||| |||| 00| 0 eng d
020 ## - INTERNATIONAL STANDARD BOOK NUMBER
International Standard Book Number 9780375802973 (trade)
020 ## - INTERNATIONAL STANDARD BOOK NUMBER
International Standard Book Number 0439241251
020 ## - INTERNATIONAL STANDARD BOOK NUMBER
International Standard Book Number 9780375902970 (lib. bdg.)
040 ## - CATALOGING SOURCE
Original cataloging agency DLC
Transcribing agency DLC
Modifying agency DLC
-- FISKH
Language of cataloging eng
042 ## - AUTHENTICATION CODE
Authentication code pcc
043 ## - GEOGRAPHIC AREA CODE
Geographic area code e------
050 00 - LIBRARY OF CONGRESS CALL NUMBER
Classification number CR4529.E85
Item number O84 2011
082 00 - DEWEY DECIMAL CLASSIFICATION NUMBER
Classification number 940.1
Edition number 22
100 1# - MAIN ENTRY--PERSONAL NAME
Personal name Osborne, Will.
245 10 - TITLE STATEMENT
Title Knights and castles /
Statement of responsibility, etc. by Will Osborne and Mary Pope Osborne ; illustrated by Sal Murdocca.
260 ## - PUBLICATION, DISTRIBUTION, ETC.
Place of publication, distribution, etc. New York :
Name of publisher, distributor, etc. Scholastic
Date of publication, distribution, etc. 2011.
300 ## - PHYSICAL DESCRIPTION
Extent 119 pages :
Other physical details illustrations. ;
Dimensions 20 cm.
490 0# - SERIES STATEMENT
Series statement Magic tree house fact tracker
500 ## - GENERAL NOTE
General note Includes index.
500 ## - GENERAL NOTE
General note "A nonfiction companion to Magic Tree House #2: The Knight at Dawn by Will Osborne and Mary Pope Osborne."
500 ## - GENERAL NOTE
General note "Originally published by Random House Children's Books, New York, in 2000."
505 ## - FORMATTED CONTENTS NOTE
Formatted contents note M
521 8# - TARGET AUDIENCE NOTE
Target audience note 690 <br/>
Source Lexile
521 8# - TARGET AUDIENCE NOTE
Target audience note M <br/>
Source Raz-Plus
650 #0 - SUBJECT ADDED ENTRY--TOPICAL TERM
Topical term or geographic name entry element Knights and knighthood
Geographic subdivision Europe
Form subdivision Juvenile literature.
650 #0 - SUBJECT ADDED ENTRY--TOPICAL TERM
Topical term or geographic name entry element Castles
Geographic subdivision Europe
Form subdivision Juvenile literature.
650 #0 - SUBJECT ADDED ENTRY--TOPICAL TERM
Topical term or geographic name entry element Civilization, Medieval
Form subdivision Juvenile literature.
700 1# - ADDED ENTRY--PERSONAL NAME
Personal name Osborne, Mary Pope.
700 1# - ADDED ENTRY--PERSONAL NAME
Personal name Murdocca, Sal,
Relator term ill.
700 1# - ADDED ENTRY--PERSONAL NAME
Personal name Osborne, Mary Pope.
Title of a work Knight at dawn.
906 ## - LOCAL DATA ELEMENT F, LDF (RLIN)
a 7
b cbc
c orignew
d 1
e ecip
f 20
g y-gencatlg
942 ## - ADDED ENTRY ELEMENTS (KOHA)
Source of classification or shelving scheme Dewey Decimal Classification
Koha item type Books
Suppress in OPAC No
Holdings
Withdrawn status Lost status Source of classification or shelving scheme Damaged status Not for loan Collection Home library Current library Shelving location Date acquired Total Checkouts Full call number Barcode Date last seen Price effective from Koha item type
    Dewey Decimal Classification     Non-Fiction Footprints International School Library Network Toul Kork Campus Footprints International School Library Network Toul Kork Campus TK Primary Library Room(4th Floor), Bookcase 5&6, Shelves 33-56, Orange Books 04/12/2023   OSB 940.1 CR4529.E85 FISTK01001 04/12/2023 04/12/2023 Books